ბათუმის შოთა რუსთაველის სახელმწიფო უნივერსიტეტის ბიბლიოთეკა

ნიკო ბერძენიშვილის ინსტიტუტის მეცნიერ-თანამშრომელთა ხსოვნის წიგნი: (ბიბ.ჩანაწერი № 58240)

000 -ლიდერი
ფიქსირებული სიგრძის საკონტროლო ველი 01240nam a22002177a 4500
003 - საკონტროლო ნომრის იდენტიფიკატორი
საკონტროლო ველი Ge_BSU
005 - ბოლო ოპერაციის თარიღი და დრო
საკონტროლო ველი 20210929103941.0
008 - ფიქსირებული სიგრძის მონაცემთა ელემენტები - ზოგადი ინფორმაცია
ფიქსირებული სიგრძის საკონტროლო ველი 210929s2020 ge ||||| |||| 00| 0 geo d
020 ## - წიგნის საერთაშორისო სტანდარტული ნომერი
International Standard Book Number 9789941488245
041 ## - ენის კოდი
Language code of text/sound track or separate title geo
080 ## - უნივერსალური ათობითი კლასიფიკაციის ინდექსი
Universal Decimal Classification number 929(092)+378.4(479.223)(092) ნ-63
245 ## - ცნობა სათაურის შესახებ
Title ნიკო ბერძენიშვილის ინსტიტუტის მეცნიერ-თანამშრომელთა ხსოვნის წიგნი:
Remainder of title [წიგნი-ალბომი] /
Statement of responsibility, etc ავტორ-შემდგ. უჩა ოქროპირიძე; რედ. როინ მალაყმაძე.
264 ## - წარმოების, გამოცემის, დისტრიბუციის და სხვა ცნობები
გამოცემის, წარმოების, დისტრიბუციის... ადგილი ბათუმი :
გამოცემის, წარმოების, დისტრიბუციის... სახელწოდება ბსუ,
გამოცემის, წარმოების, დისტრიბუციის... თარიღი 2020.
300 ## - ფიზიკური აღწერა
Extent 46 გვ.
Other physical details 20 სმ.
653 ## - INDEX TERM--UNCONTROLLED
Uncontrolled term წიგნი -ალბომი
653 ## - INDEX TERM--UNCONTROLLED
Uncontrolled term ნიკო ბერძენიშვილის ინსტიტუტის მეცნიერ-თანამშრომელთა ხსოვნის წიგნი
700 ## - ADDED ENTRY--PERSONAL NAME
Personal name ოქროპირიძე, უჩა
Relator term ავტორ-შემდგენელი
9 (RLIN) 1875
700 ## - ADDED ENTRY--PERSONAL NAME
Personal name მალაყმაძე, როინ
Relator term რედაქტორი
9 (RLIN) 4544
710 ## - ADDED ENTRY--CORPORATE NAME
Corporate name or jurisdiction name as entry element ბსუ
9 (RLIN) 12569
942 ## - ADDED ENTRY ELEMENTS (KOHA)
Source of classification or shelving scheme
Koha item type წიგნი
ეგზემპლარები
ჩამოწერის სტატუსი დაკარგული ეგზემპლარის სტატუსი კლასიფიკაციის წყარო ან თაროზე გაწყობის სქემა დაზიანების სტატუსი არ გაიცემა მუდმივი მდებარეობა (დაცვის ადგილი) ამჟამინდელი ადგილსამყოფელი თაროზე განთავსების ადგილი შეძენის თარიღი ღირებულება, შესყიდვის ნორმალური ფასი სრული შენახვის შიფრი შტრიხკოდი ბოლო ოპერაციის თარიღი ეგზემპლარის მიმდევრობითი ნომერი (კეტერი?) ფასის ძალაში შესვლის თარიღი ეგზემპლარის სახეობა საჯარო შენიშვნა
          ბათუმის შოთა რუსთაველის სახელმწიფო უნივერსიტეტის მთავარი ბიბლიოთეკა ბათუმის შოთა რუსთაველის სახელმწიფო უნივერსიტეტის მთავარი ბიბლიოთეკა წიგნსაცავი 2021-09-29 2.50 929(092)+378.4(479.223)(092) ნ-63 61743 2021-09-29 61743 2021-09-29 წიგნი 2 ლ. 50 თ.
          ბათუმის შოთა რუსთაველის სახელმწიფო უნივერსიტეტის მთავარი ბიბლიოთეკა ბათუმის შოთა რუსთაველის სახელმწიფო უნივერსიტეტის მთავარი ბიბლიოთეკა წიგნსაცავი 2021-09-29   929(092)+378.4(479.223)(092) ნ-63 61744 2021-09-29 61744 2021-09-29 წიგნი 2ლ,.50თ.
          ბათუმის შოთა რუსთაველის სახელმწიფო უნივერსიტეტის მთავარი ბიბლიოთეკა ბათუმის შოთა რუსთაველის სახელმწიფო უნივერსიტეტის მთავარი ბიბლიოთეკა წიგნსაცავი 2021-09-29 2.00 929(092)+378.4(479.223)(092) ნ-63 61745 2021-09-29 61745 2021-09-29 წიგნი 2ლ.50თ
          ბათუმის შოთა რუსთაველის სახელმწიფო უნივერსიტეტის მთავარი ბიბლიოთეკა ბათუმის შოთა რუსთაველის სახელმწიფო უნივერსიტეტის მთავარი ბიბლიოთეკა წიგნსაცავი 2021-09-29 2.00 929(092)+378.4(479.223)(092) ნ-63 61746 2021-09-29 61746 2021-09-29 წიგნი 2ლ.50თ.
          ბათუმის შოთა რუსთაველის სახელმწიფო უნივერსიტეტის მთავარი ბიბლიოთეკა ბათუმის შოთა რუსთაველის სახელმწიფო უნივერსიტეტის მთავარი ბიბლიოთეკა წიგნსაცავი 2021-09-29 2.00 929(092)+378.4(479.223)(092) ნ-63 61747 2021-09-29 61747 2021-09-29 წიგნი 2ლ.50თ.